000
00207 a2200097 4500
001
41582
100
_a
Kramer, J
245
_a
Distant Replay
260
_a
New York
_b
Putnam's Sons
_c
090
_c
25724
_d
25724
942
_a
NUST-CAE
_c
M
_c
17474
999
_c
276655
_d
276655